Statistics for Song to Artist #1

Click here to take the quiz!

General Stats

  • This quiz has been taken 30 times
  • The average score is 7 of 15

Answer Stats

SongArtist% Correct
Shake It OffTaylor Swift
100%
HelloAdele
93%
Hotline BlingDrake
82%
Love YourselfJustin Bieber
75%
StitchesShawn Mendes
68%
One Call AwayCharlie Puth
57%
Can't Feel My FaceWeeknd
54%
Same Old LoveSelena Gomez
50%
NoMeghan Trainor
46%
HereAlessia Cara
32%
Let It GoJames Bay
29%
Nobody to BlameChris Stapleton
7%
Somewhere On A BeachDierks Bentley
7%
My ChurchMaren Morris
7%
HeartbeatCarrie Underwood
4%

Score Distribution

Percentile by Number Answered

Percent of People with Each Score

Your Score History

You have not taken this quiz